Homenajes: a Sor Juana, a Lopez Velarde, a Jose Gorostiza / (Record no. 2940)
[ view plain ]
| 000 -CABECERA | |
|---|---|
| campo de control de longitud fija | 00638cam a22001931 4500 |
| 001 - NÚMERO DE CONTROL | |
| campo de control | 000003109 |
| 005 - FECHA Y HORA DE LA ÚLTIMA TRANSACCIÓN | |
| campo de control | 20250404124919.0 |
| 008 - DATOS DE LONGITUD FIJA--INFORMACIÓN GENERAL | |
| campo de control de longitud fija | 730706s1980 mx 011 u spa |
| 040 ## - FUENTE DE LA CATALOGACIÓN | |
| Centro catalogador/agencia de origen | DO-SdBNP |
| Lengua de catalogación | spa |
| Centro/agencia transcriptor | BNPHU |
| 082 ## - NÚMERO DE LA CLASIFICACIÓN DECIMAL DEWEY | |
| Número de clasificación | xx |
| Número de documento/Ítem | F363h |
| 100 1# - ENTRADA PRINCIPAL--NOMBRE DE PERSONA | |
| Nombre de persona | Fernandez, Sergio E. |
| 9 (RLIN) | 9786 |
| 245 00 - MENCIÓN DE TÍTULO | |
| Título | Homenajes: a Sor Juana, a Lopez Velarde, a Jose Gorostiza / |
| Mención de responsabilidad, etc. | Sergio Fernandez. |
| 260 ## - PUBLICACIÓN, DISTRIBUCIÓN, ETC. | |
| Lugar de publicación, distribución, etc. | Mexico : |
| Nombre del editor, distribuidor, etc. | Sep Diana, |
| Fecha de publicación, distribución, etc. | 1980. |
| 300 ## - DESCRIPCIÓN FÍSICA | |
| Extensión | 187 p. ; |
| Dimensiones | 16 cm. |
| 490 0# - MENCIÓN DE SERIE | |
| Mención de serie | SepSetentas, |
| Designación de volumen o secuencia | 36 |
| 600 10 - PUNTO DE ACCESO ADICIONAL DE MATERIA--NOMBRE DE PERSONA | |
| Nombre de persona | Juana Inés de la Cruz, |
| Títulos y otros términos asociados al nombre | Sor, |
| Fechas asociadas al nombre | 1651-1695 |
| 9 (RLIN) | 9787 |
| 600 10 - PUNTO DE ACCESO ADICIONAL DE MATERIA--NOMBRE DE PERSONA | |
| Nombre de persona | Lopez Velarde, Ramon, |
| Fechas asociadas al nombre | 1888-1921. |
| 9 (RLIN) | 9788 |
| 600 10 - PUNTO DE ACCESO ADICIONAL DE MATERIA--NOMBRE DE PERSONA | |
| Nombre de persona | Gorostiza, Jose, |
| Fechas asociadas al nombre | 1901-1973. |
| 9 (RLIN) | 9789 |
| Estado de retiro | Estado de pérdida | Restricciones de uso | No para préstamo | Código de colección | Localización permanente | Ubicación/localización actual | Ubicación en estantería | Fecha de adquisición | Número de inventario | Total de préstamos | Signatura topográfica completa | Código de barras | Fecha visto por última vez | Precio válido a partir de | Tipo de ítem Koha |
|---|---|---|---|---|---|---|---|---|---|---|---|---|---|---|---|
| Préstamo interno | Préstamo restrigido | Monografías: Libros y Folletos | General | General | En encuadernación | 06.07.2009 | LF1 | xx F363h | 3109-10 | 25.06.2020 | 25.06.2020 | Préstamo interno |
